000 00771nam a2200217 a 4500
001 000010156
005 20250129121827.0
008 091005s1900 dr r 000 p spa d
040 _aDO-SdBNP
_bspa
_cBNPHU
082 _aRD861.44
_bG261pro
100 1 _aGatón Arce, Freddy,
_d1920-1994
_97946
245 1 0 _aA propósito de Freddy Gatón Arce /
_cTomás Castro.
260 _aSanto Domingo :
_bComisión Permanente en la Feria del Libro,
_c[19--].
500 _aHomenaje póstumo
500 _aXXIII Feria nacional del libro José Martí, Máximo Gómez
590 _aInventariado, 2018/BT
600 1 0 _aGatón Arce, Freddy,
_d1920-1994
_97946
650 0 _aPoesía dominicana
_966
650 0 _aLiteratura dominicana.
_967
910 _aValidado. Control de calidad. MFF
999 _c9915
_d9915